000 00507nam a2200181Ia 4500
999 _c16449
_d16449
003 OSt
005 20200606115922.0
008 190216s9999||||xx |||||||||||||| ||und||
020 _a8190548809
040 _cMESKC library
082 _a891.433
_bBHA/B
100 _aBhatia, Sudarshan
_9295
245 0 _aBuddhi Aur Bal /
_cSudarshan Bhatia
260 _bKarthik Prakashan,
_aDelhi:
_c2008.
300 _a120p
650 _aHindi
942 _cBK
_2ddc
_h891.433
_iBHA/B
_k891.433
_mBHA/B